000 01180nam a22002897a 4500
005 20240530110612.0
008 160903s2013 au g 000 0dara d
017 _a7347/2013
_bمصر . دار الكتب المصريه
020 _a9789774482700
040 _aEG-CaGPL
082 0 4 _221
_a320.5\
_bد ن
100 1 _aدرايزك ، جون س
245 1 0 _aنظريات الدوله الديمقراطيه /
_c تاليف جون س درايزك ، باتريك دنلفى ؛ ترجمة و تعليق هاشم احمد محمد .
260 _aالقاهره :
_bالهيئه المصريه العامه للكتاب ،
_c2013 .
300 _a540 ص ؛
_c24سم .
490 0 _aالمركز القومي للترجمه ؛
_v1801 .
650 _aالدوله .
650 _aالنخبه .
650 _aالديمقراطيه .
650 _aالسياسه .
650 0 4 _aالنظريات الكلاسيكية .
650 0 4 _aما بعد الحداثة .
700 1 _aديلفي ، باتريك
_eمؤلف مشارك
700 0 _aهاشم احمد محمد
_eمترجم
942 _2ddc
_cBK
999 _c62884
_d62884